00398nam a2200145Ia 4500003000400000005001700004008004100021040001800062041000800080100004800088110001800136245004000154260002000194710003800214OSt20260309102117.0211028s2011 xx 000 0 und d cAIMIT LIBRARY aeng aVarghese, Mebin; Castelino, Melissa.g81719 aManimozhi, R. aGlobal interface for data editing / aMangalorec2011 aHeadstrong Services India Pvt Ltd